Càmpings a prop de Barcelona = Campings cerca de Barcelona = Camp sites close to Barcelona = Campings près de Barcelone Campings cerca de Barcelona = Camp sites close to Barcelona = Campings près de Barcelone
Publicado:
Barcelona :
Diputació de Barcelona. Xarxa de Municipis. Oficina de Promoció Turística ,
2001
Descripción Física:
6 fulletons ; il·lustracions en color ; 26 cm
Colección:
Turisme Total
Materias:
Càmpings -- Barcelona (Província) -- Guies
; Allotjament turístic -- Barcelona (Catalunya : Província)
; Barcelona (Catalunya : Província)
Idioma:
Multiple languages , Catalán , Español , English , French
MARC
| LEADER | 00000nam a2200000Ia 4500 | ||
|---|---|---|---|
| 001 | 15531, 16648, 18081, 22985, 19407, 21822 | ||
| 003 | Arxiu | ||
| 005 | 20260324181509.0 | ||
| 008 | 160829m2007 spcaxx s mul c | ||
| 017 | |a DL B-42095-2002 | ||
| 040 | |a AGDB | ||
| 041 | |a cat |a spa |a eng |a fre | ||
| 080 | |a FU-38-20, FU-44-20, FU-47-34, FU-58-20, FU-5-64, FU-44-31 | ||
| 080 | |a FU-35-15 | ||
| 245 | 0 | 0 | |a Càmpings a prop de Barcelona = |b Campings cerca de Barcelona = Camp sites close to Barcelona = Campings près de Barcelone |
| 246 | 1 | 1 | |a Campings cerca de Barcelona |
| 246 | 1 | 1 | |a Camp sites close to Barcelona |
| 246 | 1 | 1 | |a Campings près de Barcelone |
| 246 | 3 | 3 | |a Càmpings a quatre passes de Barcelona : |b la natura més a prop |
| 260 | |a Barcelona : |b Diputació de Barcelona. Xarxa de Municipis. Oficina de Promoció Turística, |c 2001- | ||
| 300 | |a 6 fulletons ; |b il·lustracions en color ; |e 26 cm | ||
| 490 | 1 | |a Turisme Total | |
| 500 | |a Es publicà inicialment el 2001 amb el títol: Càmpings a quatre passes de Barcelona : la natura més a prop = Campings a dos pasos de Barcelona : la naturaleza, más cerca = Camps sites a stone's throw from Barcelona : closer the nature = Campings à deux pas de Barcelone : plus proches de la nature | ||
| 590 | |a A la portada: Turisme Total. | ||
| 590 | |a Inclou mapa-guia | ||
| 650 | |a Càmpings |x Barcelona (Província) |x Guies |9 21854 | ||
| 650 | 0 | |a Allotjament turístic |9 56157 |z Barcelona (Catalunya : Província) | |
| 651 | 0 | |a Barcelona (Catalunya : Província) |9 50918 | |
| 710 | 1 | |a Barcelona (Catalunya : Província). |b Oficina de Promoció Turística |9 51402 | |
| 830 | 1 | |a Turisme Total |9 51395 | |
| 866 | |a 2001 | ||
| 866 | |a 2002 | ||
| 866 | |a 2003 | ||
| 866 | |a 2004 | ||
| 866 | |a 2006-2007 | ||
| 866 | |a 2007-2008 | ||
| 866 | |a 2008-2009 | ||
| 901 | |a Arxiu | ||
| 942 | |n 1 |2 udc |c ARXIU | ||
| 952 | |0 0 |1 0 |4 0 |7 1 |9 41878 |a Arxiu |b Arxiu |d 2016-12-01 |h 2001 |o FU-35-15 |p 15173 |r 2016-12-01 00:00:00 |w 2016-12-01 |y ARXIU | ||
| 952 | |0 0 |1 0 |4 0 |7 1 |9 49285 |a Arxiu |b Arxiu |d 2016-12-01 |h 2007-2008 |o FU-5-64 |p 19407 |r 2016-12-01 00:00:00 |w 2016-12-01 |y ARXIU | ||
| 952 | |0 0 |1 0 |4 0 |5 0 |6 OTT_F00302222007 |7 1 |8 Paper |9 59178 |a TURISME |b TURISME |d 2018-07-27 |h 2007-2008 |l 0 |o OTT F.003.02-22(2007) |p TURISME18070772 |r 2018-07-27 00:00:00 |t 1 |w 2018-07-27 |y DIRECTORIS | ||
| 952 | |0 0 |1 0 |4 0 |5 0 |6 OTT_F00401122008 |7 1 |8 Paper |9 59189 |a TURISME |b TURISME |d 2018-07-27 |h 2008-2009 |l 0 |o OTT F.004.01-12(2008) |p TURISME18070783 |r 2018-07-27 00:00:00 |t 1 |w 2018-07-27 |y DIRECTORIS | ||
| 952 | |0 0 |1 0 |4 0 |6 FU4431 |7 1 |9 65996 |a Arxiu |b Arxiu |d 2023-04-05 |h 2008-2009 |l 0 |o FU-44-31 |p 21822 |r 2023-04-05 00:00:00 |w 2023-04-05 |y ARXIU | ||
| 952 | |0 0 |1 0 |4 0 |6 FU4420 |7 1 |9 65998 |a Arxiu |b Arxiu |d 2023-04-05 |h 2004 |l 0 |o FU-44-20 |p 16648 |r 2023-04-05 00:00:00 |w 2023-04-05 |y ARXIU | ||
| 952 | |0 0 |1 0 |4 0 |6 FU3820 |7 1 |9 66025 |a Arxiu |b Arxiu |d 2023-04-06 |h 2002 |l 0 |o FU-38-20 |p 15531 |r 2023-04-06 00:00:00 |w 2023-04-06 |y ARXIU | ||
| 952 | |0 0 |1 0 |4 0 |6 FU4734 |7 1 |9 66032 |a Arxiu |b Arxiu |d 2023-04-06 |h 2004 |l 0 |o FU-47-34 |p 18081 |r 2023-04-06 00:00:00 |w 2023-04-06 |y ARXIU | ||
| 952 | |0 0 |1 0 |4 0 |6 FU5820 |7 1 |9 66104 |a Arxiu |b Arxiu |d 2023-04-13 |h 2006-2007 |l 0 |o FU-58-20 |p 22985 |r 2023-04-13 00:00:00 |w 2023-04-13 |y ARXIU | ||
| 999 | |c 53127 |d 53127 | ||